| 000 | 00810nam a22002057a 4500 | ||
|---|---|---|---|
| 999 |
_c370714 _d370714 |
||
| 008 | 201130b ||||| |||| 00| 0 eng d | ||
| 040 |
_bger _cDE-2950 _erda _aDE-2950 |
||
| 041 | _ager | ||
| 100 | _aMahlke, Lisa: | ||
| 245 |
_aSchöne Feiern trotz Corona. _bBildung: Wieder ist eine Einschulung in Frankfurt geprägt von der Pandemie. Familie Wolf und andere haben sich trotzdem ein schönes Wochenende gemacht / _cLisa Mahlke |
||
| 264 | _c2021 | ||
| 653 | _aFrankfurt (Oder) | ||
| 653 | _aEinschulung | ||
| 653 | _aGrundschule Am Botanischen Garten | ||
| 773 |
_dFrankfurt (Oder): Märkisches Verlags- und Druckhaus GmbH & Co KG _g32. Jahrgang (2021) Nr. 183 vom 09.08.2021, S. 13: Foto _tMärkische Oderzeitung |
||
| 942 | _cA | ||